Sports Quiz

Random Sports or World Cup Quiz

Ski Jumping World Cup team wins Quiz Stats

 Plays Quiz not verified by Sporcle

Score 0/7 Timer 03:00
0 Plays Today
Number of wins Country % Correct
18Norway
100%
28Austria
98.9%
11Germany
98.9%
15Finland
95.4%
4Japan
93.1%
2Poland
93.1%
9Slovenia
90.8%

You're not logged in!

Compare scores with friends on all Sporcle quizzes.
Join for Free
OR
Log In

You Might Also Like...

Show Comments

Extras

Top Quizzes Today


Score Distribution

Your Account Isn't Verified!

In order to create a playlist on Sporcle, you need to verify the email address you used during registration. Go to your Sporcle Settings to finish the process.

Report this User

Report this user for behavior that violates our Community Guidelines.

Details: